Trusts and estates law handbook/ (Record no. 120096)
[ view plain ]
| 000 -LEADER | |
|---|---|
| fixed length control field | 00505cam a2200181 4500 |
| 008 - FIXED-LENGTH DATA ELEMENTS--GENERAL INFORMATION | |
| fixed length control field | 130808n 000 0 eng u |
| 020 ## - INTERNATIONAL STANDARD BOOK NUMBER | |
| International Standard Book Number | 9781845921323 |
| 035 ## - SYSTEM CONTROL NUMBER | |
| System control number | (Sirsi) a180050 |
| 050 ## - LIBRARY OF CONGRESS CALL NUMBER | |
| Classification number | KD 1480 REE 2008 |
| 100 ## - MAIN ENTRY--PERSONAL NAME | |
| Personal name | Reed, Penelope |
| 245 ## - TITLE STATEMENT | |
| Title | Trusts and estates law handbook/ |
| Statement of responsibility, etc. | Penelope Reed |
| 250 ## - EDITION STATEMENT | |
| Edition statement | 3rd ed. |
| 260 ## - PUBLICATION, DISTRIBUTION, ETC. | |
| Place of publication, distribution, etc. | Haywards Heath : |
| Name of publisher, distributor, etc. | Tottel, |
| Date of publication, distribution, etc. | 2008. |
| 300 ## - PHYSICAL DESCRIPTION | |
| Extent | viii, 645 p. |
| 504 ## - BIBLIOGRAPHY, ETC. NOTE | |
| Bibliography, etc. note | Includes index. |
| 650 ## - SUBJECT ADDED ENTRY--TOPICAL TERM | |
| Topical term or geographic name entry element | Trusts and trustees |
| 650 ## - SUBJECT ADDED ENTRY--TOPICAL TERM | |
| Topical term or geographic name entry element | Estates (Law) |
| Withdrawn status | Lost status | Source of classification or shelving scheme | Damaged status | Not for loan | Home library | Current library | Shelving location | Cost, normal purchase price | Total Checkouts | Full call number | Barcode | Date last seen | Copy number | Price effective from | Koha item type |
|---|---|---|---|---|---|---|---|---|---|---|---|---|---|---|---|
| Library of Congress Classification | Main Library | Main Library | On Shelf | 0.00 | KD 1480 REE 2008 | 33729004883778 | 08/21/2019 | 1 | 08/21/2019 | Book |